History Quiz

Random History or Minefield Quiz

20th Century Wars in Order Quiz Stats

 Plays Quiz Updated May 8, 2019

Score 0/15 Timer 05:00
331 Plays Today
% Correct
???
100%
???
74.1%
???
57.2%
???
53.4%
???
46.4%
???
31.8%
???
29.4%
???
29.1%
% Correct
???
27.4%
???
25.3%
???
19%
???
16.3%
???
13.7%
???
11.2%
???
11.1%

You're not logged in!

Compare scores with friends on all Sporcle quizzes.
OR
Log In

Sporcle TV

Today on Sporcle TV


Watch our educational content, quiz creation guides, and fun videos on Sporcle TV.

Show Comments

Extras

Top Quizzes Today


Score Distribution

Your Account Isn't Verified!

In order to create a playlist on Sporcle, you need to verify the email address you used during registration. Go to your Sporcle Settings to finish the process.

Report this User

Report this user for behavior that violates our Community Guidelines.

Details: